000 01077cam a2200217 4500
001 WB4021-17
008 040603n2004 000 0 eng u
035 _a(Sirsi) u126411
245 _aLand values look set to rise
260 _c2004
490 _aFarmers' Weekly
_v140(22) 3 June 2004, 86(1)
520 _aStrutt and Parker and FPD Savills predict that land values will continue to rise in the short term, but Savills also forecast a sharp decline in values later. Strutt and Parker's latest "Farmland update" shows the average price for the first quarter of 2004 added another 6% to reach £2 564/acre, the highest level since December 2002. While Savills believe that the price of land could increase by up to 50% in parts of the country over the next couple of years. Strutt and Parker at http://www.struttandparker.co.uk and FPD Savills at http://www.fpdsavills.co.uk
590 _aWB
590 _aWB
650 _aFARMLAND VALUES
650 _aLAND VALUES
650 _aFARMLAND PRICE INDEX
650 _aGROWTH
690 _aRURAL-MARKET
942 _n0
999 _c117473
_d117473